000 00691nam a22002172 4500
001 0000012151
005 20151217145855.0
008 090211s xx 000 0 eng d
020 _a0805365583 :
040 _aKABU
_cKABU
100 1 _aTaylor, Martha R.
_@0000168365
245 1 0 _aStudent study guide for Biology [by] Campbell / Reece / Mitchell. 5th ed. /
_cMartha R. Taylor.
250 _a1st ed.
260 _aNew York :
_bAddison Wesley,
_c1999.
300 _a522 p.
650 0 _aBiology.
_@0000003707
852 1 _9p500 KES
852 1 _9p500 KES
908 _a090211
950 _@1
999 _c3560
_d3560